Welcome to CU Library Online Public Access Catalogue (OPAC)

Database Systems/ (Record no. 923)

MARC details
000 -LEADER
fixed length control field 00637nam a22001817a 4500
005 - DATE AND TIME OF LATEST TRANSACTION
control field 20241108170235.0
008 - FIXED-LENGTH DATA ELEMENTS--GENERAL INFORMATION
fixed length control field 241108b |||||||| |||| 00| 0 eng d
020 ## - INTERNATIONAL STANDARD BOOK NUMBER
International Standard Book Number 9780321601100
050 ## - LIBRARY OF CONGRESS CALL NUMBER
Classification number QA76.9
Item number .D26C66
100 ## - MAIN ENTRY--PERSONAL NAME
Personal name Connolly, Thomas M.
245 ## - TITLE STATEMENT
Title Database Systems/
Remainder of title a practical approach to design, implementation & management; international edition
Statement of responsibility, etc. Thomas M. Connolly & Carolyn E. Begg
250 ## - EDITION STATEMENT
Edition statement 5th Ed.
260 ## - PUBLICATION, DISTRIBUTION, ETC.
Place of publication, distribution, etc. Boston
Name of publisher, distributor, etc. Pearson Education International
Date of publication, distribution, etc. 2010
300 ## - PHYSICAL DESCRIPTION
Extent 1293p. various pagings
Other physical details ill. some color
Dimensions 23cm
650 ## - SUBJECT ADDED ENTRY--TOPICAL TERM
Source of heading or term Database Systems
700 ## - ADDED ENTRY--PERSONAL NAME
Personal name Begg, Carolyn
942 ## - ADDED ENTRY ELEMENTS (KOHA)
Source of classification or shelving scheme Library of Congress Classification
Koha item type Books
Edition 5th Ed.
Suppress in OPAC No
999 ## -
-- 923
-- 923
Holdings
Withdrawn status Lost status Source of classification or shelving scheme Damaged status Not for loan Collection Home library Current library Shelving location Date acquired Total checkouts Full call number Barcode Date last seen Copy number Price effective from Koha item type
    Library of Congress Classification     Non-fiction Science Library (Miotso) Science Library (Miotso) General stacks 11/08/2024   QA76.9 .D26C66 CON SLM00000515 11/08/2024 1 11/08/2024 Books
    Library of Congress Classification     Non-fiction Science Library (Miotso) Science Library (Miotso) General stacks 11/08/2024   QA76.9 .D26C66 CON SLM00000516 11/08/2024 2 11/08/2024 Books
    Library of Congress Classification     Non-fiction Science Library (Miotso) Science Library (Miotso) General stacks 11/08/2024   QA76.9 .D26C66 CON SLM00000517 11/08/2024 3 11/08/2024 Books
    Library of Congress Classification     Non-fiction Science Library (Miotso) Science Library (Miotso) General stacks 11/08/2024   QA76.9 .D26C66 CON SLM00000518 11/08/2024 4 11/08/2024 Books
    Library of Congress Classification     Non-fiction Science Library (Miotso) Science Library (Miotso) General stacks 11/08/2024   QA76.9 .D26C66 CON SLM00000519 11/08/2024 5 11/08/2024 Books
© 2023-2024 Copyright: Central University Libraries. All Rights Reserved | Created by: Mahone Tech Office